The Third Miss Symons (Record no. 1246532)

MARC details
000 -LEADER
fixed length control field 00458nam a2200193Ia 4500
008 - FIXED-LENGTH DATA ELEMENTS--GENERAL INFORMATION
fixed length control field 151121s9999||||xx |||||||||||||| ||und||
082 ## - DEWEY DECIMAL CLASSIFICATION NUMBER
Classification number -393244
082 ## - DEWEY DECIMAL CLASSIFICATION NUMBER
Item number HNW-65008
100 ## - MAIN ENTRY--PERSONAL NAME
Personal name Mayor F।M।
245 #4 - TITLE STATEMENT
Title The Third Miss Symons
260 ## - PUBLICATION, DISTRIBUTION, ETC. (IMPRINT)
Name of publisher, distributor, etc Virago Press
260 ## - PUBLICATION, DISTRIBUTION, ETC. (IMPRINT)
Date of publication, distribution, etc --
300 ## - PHYSICAL DESCRIPTION
Extent 143
600 ## - SUBJECT ADDED ENTRY--PERSONAL NAME
Personal name Mayor F।M।
630 ## - SUBJECT ADDED ENTRY--UNIFORM TITLE
Uniform title The Third Miss Symons
700 ## - ADDED ENTRY--PERSONAL NAME
Personal name Mayor F।M।
730 ## - ADDED ENTRY--UNIFORM TITLE
Uniform title The Third Miss Symons
942 ## - ADDED ENTRY ELEMENTS (KOHA)
Koha item type Book
Holdings
Withdrawn status Lost status Damaged status Not for loan Home library Current library Date acquired Total Checkouts Full call number Barcode Date last seen Price effective from Koha item type
        Hirachand Nemchand Wachanalaya, Solapur Hirachand Nemchand Wachanalaya, Solapur 11/21/2015   HNW-65008 HNW-65008 11/21/2015 11/21/2015 Book